Biblioteka Instytutu Północnego w Olsztynie

Próba ujęcia hermeneutycznego pojęć o "Ziemi" i "Obyczaju", "Księciu" i "Przywileju" w świetle praktyki sądowej na Mazowszu u schyłku wieków średnich = (Rekord nr 27851)

Szczegóły MARC
000 -Nagłówek
fixed length control field 02296cam a2200433 i 4500
001 - Nr kontrolny bibl., która utworzyła rek.
control field zz2004949221
003 - Siglum bibl., której nr kontr. jest w 001
control field NUKAT
005 - Data i czas ostatniej operacji
control field 20260428195953.0
008 - Elementy pola stałej długości
fixed length control field 040708s1915 pl 2 |000 0 pol c
035 ## - Systemowy numer kontrolny
systemowy numer kontrolny (OCoLC)749495808
035 ## - Systemowy numer kontrolny
systemowy numer kontrolny (NUKAT)zz2004949221
040 ## - Instytucja sporządzająca opis
Instytucja, która sporządziła opis LUBL M/mm
język katalgowania-trzyzn. kod pol
zasady opisu rda
Instytucja, która sporządziła rekord LUBL M/mm
Instytucja, która zmodyfikowała rekord LUBL M/JD
-- WA U/MW
-- POZN U/GZs
-- POZN U/MW
-- OLSZT 008/AL
041 0# - Kod nazwy języka dokumentu
Język tekstu pol
-- lat
Język streszczeń fre
100 1# - Hasło główne-nazwa osobowa
Nazwa osobowa Kochanowski, Jan Karol
Daty biograficzne (1869-1949).
rodzaj współpracy Autor
9 (RLIN) 9561
245 10 - Tytuł właściwy i oznaczenie odpow.
tytuł Próba ujęcia hermeneutycznego pojęć o "Ziemi" i "Obyczaju", "Księciu" i "Przywileju" w świetle praktyki sądowej na Mazowszu u schyłku wieków średnich =
dodatek do tytułu Essai d'une image herméneutique des anciennes idées masoviennes de la "Terre" (= pays) et de la "Coutume", du "Prince" (= duc) et du "Privilège", basé sur la pratique judiciaire de cette province vers la fin du Moyen-âge /
dod. inf. ze s. tyt./ozn. odpow. J. K. Kochanowski.
246 31 - Inne formy tytułu, wariant tytułu
tytuł Essai d'une image herméneutique des anciennes idées masoviennes de la "Terre" (= pays) et de la "Coutume", du "Prince" (= duc) et du "Privilège", basé sur la pratique judiciaire de cette province vers la fin du Moyen-âge
260 ## - Adres wydawniczy
miejsce wydania, dystrybucji itp. Warszawa :
nazwa wydawcy, dystrybutora itp. Drukarnia i Litografia Jana Cotty,
data wydania, dystrybucji itp. 1915.
300 ## - Opis fizyczny
objętość i/lub forma materiału Strony [2], 15-46 ;
format 26 cm.
336 ## - Content Type
Term Tekst
Code txt
Source rdacontent
337 ## - Media Type
Term Bez urządzenia pośredniczącego
Code n
Source rdamedia
338 ## - Carrier Type
Term Wolumin
Code nc
Source rdacarrier
380 ## - Form of work
Form of work Książki
500 ## - Uwaga ogólna
uwaga ogólna Odbitka z: "Sprawozdania Towarzystwa Naukowego Warszawskiego. Wydział Nauk Antropologicznych, Społecznych, Historii i Filozofii" 8:1915 z. 2.
530 ## - Uwaga o dod. formie fiz. materiału
uwaga o dodatkowej fizycznej formie dokumentu Dostępne także w wersji elektronicznej.
546 ## - Uwaga o języku opisywanego materiału
uwaga o języku Tekst częściowo w języku łacińskim. Streszczenie w języku francuskim.
648 #7 - SUBJECT ADDED ENTRY--CHRONOLOGICAL TERM
Chronological term 1401-1500
Source of heading or term DBN
9 (RLIN) 36030
648 #7 - SUBJECT ADDED ENTRY--CHRONOLOGICAL TERM
Chronological term 1501-1600
Source of heading or term DBN
9 (RLIN) 36032
650 #7 - Hasło przedmiotowe-nazwa pospolita
nazwa pospolita lub geogr. Dokumenty
źródło hasła DBN
9 (RLIN) 40830
650 #7 - Hasło przedmiotowe-nazwa pospolita
nazwa pospolita lub geogr. Prawo
źródło hasła DBN
9 (RLIN) 35905
651 #7 - Hasło przedmiotowe-nazwa geogr.
nazwa geograficzna Mazowsze
źródło hasła DBN
9 (RLIN) 36935
651 #7 - Hasło przedmiotowe-nazwa geogr.
nazwa geograficzna Polska
źródło hasła DBN
9 (RLIN) 35076
651 #7 - Hasło przedmiotowe-nazwa geogr.
nazwa geograficzna Mazowsze (Polska ; region)
określnik chronologiczny średniowiecze.
źródło hasła kaba
9 (RLIN) 15889
655 #7 - Termin określający rodzaj/formę
rodzaj/forma Nadbitki i odbitki
źródło terminu DBN
9 (RLIN) 38727
658 ## - Nazwa określająca cel programu nauczania
główny cel programu nauczania Bibliotekarstwo, archiwistyka, muzealnictwo
658 ## - Nazwa określająca cel programu nauczania
główny cel programu nauczania Historia
710 2# - Hasło dodatkowe - nazwa ciała zbior.
nazwa ciała zbior. lub nazwa geogr. Drukarnia i Litografia "Jan Cotty".
rodzaj współpracy Wydawca
kod rodzaju współpracy pbl
9 (RLIN) 14665
856 41 - Elektroniczne źródła danych i spos. dost.
URL (Uniform Resource Locator) <a href="https://www.wbc.poznan.pl/publication/568864">https://www.wbc.poznan.pl/publication/568864</a>
942 ## - ADDED ENTRY ELEMENTS (KOHA)
Source of classification or shelving scheme Dewey Decimal Classification
Koha item type pozycje dostępne na miejscu
Egzemplarze
Status wycofania Status zagubienia Klasyfikacja Status uszkodzenia Blokada wypożyczeń Kolekcja Lokalizacja macierzysta Lokalizacja bieżąca Data nabycia Numer akcesji Źródło akcesji Nr inwentarzowy il. wypożyczeń Sygnatura Kod kreskowy Date last seen Price effective from Typ egz.
    Dewey Decimal Classification nieuszkodzona   Pracownia Badań Księgozbiorów Historycznych Biblioteka Instytutu Północnego w Olsztynie Pracownia Badań Księgozbiorów Historycznych 28/04/2026 K-31/1966 kupno 16677   16677 IPWK22213 28/04/2026 28/04/2026 pozycje dostępne na miejscu
Biblioteka Instytutu Północnego, ul. Partyzantów 87, 10-402 Olsztyn, email: biblioteka(at)ip.olsztyn.pl